000
00356nam a2200133Ia 4500
008
231129s1994||||xx |||||||||||||| ||spa||
020
_a
958-95504-5-2
040
_b
spa
082
_a
R 574.526404 S113
245
0
_a
Sabanas naturales de Colombia
260
_c
1994
264
_a
Banco de Occidente
942
_2
ddc
_c
BKS
999
_c
24223
_d
24223